Milli mücadele anılarım (Record no. 2153)

MARC details
000 -BAŞLIK
Sabit Uzunlukta Kontrol Alanı 00822na a2200265 4500
001 - KONTROL NUMARASI
Denetim Alanı 13814
003 - KONTROL NUMARASI IDENTIFIER
Denetim Alanı MIRAKIL
005 - SON İŞLEM TARİHİ VE ZAMANI
Denetim Alanı 20181213154847.0
008 - SABİT-BOY VERİ ELEMANLARI - GENEL BİLGİLER
Sabit Uzunlukta Kontrol Alanı 160821b tu 000 0
035 ## - SİSTEM KONTROL NUMARASI
Sistem Kontrol Numarası 13814
040 ## - KATALOGLAMA KAYNAK
Orijinal Kataloglama Ajansı Milas
Kataloglama Dili tur
Metne Dönüştürmek Ajansı TR-AnCHP
082 ## - DEWEY ONLU SINIFLANDIRMA NUMARASI
Sınıflandırma Numarası 923.7 Velidedeoğlu,H.V.
Ürün Numarası V34m 1983
090 ## - SINIFLAMA NUMARASI
Sınıflama Numarası 923.7 Velidedeoğlu,H.V. V34m 1983
100 ## - ANA GİRİŞ - KİŞİSEL İSİM
Kişisel Ad Velidedeoğlu, Hıfzı Veldet
Bir Adıyla İlişkilendirilen Tarihler 1904-1992
245 ## - BAŞLIK TABLOSU
Başlık Milli mücadele anılarım
Sorumluluk Tablosu, Vb Hıfzı Veldet Velidedeoğlu
250 ## - EDITION TABLOSU
Baskı Beyanı 2 bs.
260 ## - YAYIN, DAĞITIM, VB
Yayın, Dağıtım, Vb Yeri İstanbul
Yayıncı, Dağıtıcı, Vs Adı Hil Yayın
Yayın, Dağıtım, Vb Tarihi 1983
300 ## - FİZİKSEL TANIM
Kapsam 215 s.
Boyutlar 19 sm.
500 ## - GENEL NOT
Genel Not İçindekiler bölümü sondadır.
600 ## - KONU KATMA GİRİŞ - KURUMSAL ADI
Kişisel Ad Velidedeoğlu, Hıfzı Veldet
Bir Adıyla İlişkilendirilen Tarihler 1904-1992
Relator Terim Anılar
650 ## - KONU KATMA GİRİŞ - TOPİKAL DÖNEM
Topikal Süreli Veya Coğrafi Ad Giriş Elemanı Öğretim üyeleri
Genel Alt Bölümü Anılar
650 ## - KONU KATMA GİRİŞ - TOPİKAL DÖNEM
Topikal Süreli Veya Coğrafi Ad Giriş Elemanı TBMM
Relator Terim Anılar
650 ## - KONU KATMA GİRİŞ - TOPİKAL DÖNEM
Topikal Süreli Veya Coğrafi Ad Giriş Elemanı Kurtuluş Savaşı
Relator Terim Anılar
942 ## - EKLENDİ GİRİŞ ELEMANLARI (KOHA)
Sınıflandırma Veya Raf Düzeni Kaynak Dewey Decimal Classification
Koha Öğesi Türü Books
999 ## - SİSTEM KONTROL NUMARALARI (KOHA)
Koha Biblionumber 2153
Koha Biblioitemnumber 2153
Holdings
Kalıcı Konum Mevcut Konum Edinme Tarihi Edinim Kaynak Toplam Check-Out'Lar Tam Çağrı Numarası Barkod Tarih Son Görülme İtibaren Geçerli Fiyatlar Koha Öğesi Türü
CHP Kütüphanesi CHP Kütüphanesi 08/18/2016 Bağış   923.7 Velidedeoğlu,H.V. V34m 1983 001351 08/18/2016 08/18/2016 Books